000 00257nam a2200109Ia 4500
008 190216s9999||||xx |||||||||||||| ||und||
100 _aGopalan V P
245 0 _aMalayalam-Shashthravum Lokavum
260 _bNbs Kottayam
650 _aMalayalam
942 _cBK
999 _c24874
_d24874